000 00450pab a2200169 454500
008 180718b1975 xxu||||| |||| 00| 0 eng d
100 _aTrivedi, K.D.
245 _aOur administrative culture - Some postulates
260 _c1975
300 _ap.119-123.
362 _aJan-Mar
650 _aPublic administration - India
650 _aPublic administration
773 _aIndian Journal of Public Administration
908 _aN
909 _a88087
999 _c88087
_d88087